000 00583nam a2200181 i 4500
001 93862
003 ES-MaACL
005 20240605130501.0
007 t|
008 050421s1930 sp ||||1| spa d
100 1 _aPantorba, Bernardino de,
_d1896-1990
_988829
245 1 0 _aJiménez Aranda
_b: ensayo biográfico y crítico /
_cBernardino de Pantorba [seud.].
260 _aMadrid :
_bChulilla y Angel,
_c1930.
300 _a55 p., 55 lám. ;
_c25 cm.
600 1 4 _aJiménez Aranda, José,
_d1837-1903
_966448
852 _aES-MaACL
_jA-4765
999 _c93862
_d93862